Calendar (Record no. 195008)

000 -LEADER
fixed length control field 00316 a2200145 4500
003 - CONTROL NUMBER IDENTIFIER
control field Nust
005 - DATE AND TIME OF LATEST TRANSACTION
control field 20170207154214.0
040 ## - CATALOGING SOURCE
Transcribing agency Nust
082 ## - DEWEY DECIMAL CLASSIFICATION NUMBER
Classification number 940
100 ## - MAIN ENTRY--PERSONAL NAME
Personal name Almanack
245 ## - TITLE STATEMENT
Title Calendar
Remainder of title Almanack 1924
Statement of responsibility, etc. Almanack
260 ## - PUBLICATION, DISTRIBUTION, ETC.
Name of publisher, distributor, etc. Punchs Almanack
Date of publication, distribution, etc. 1924
300 ## - PHYSICAL DESCRIPTION
Extent 708p;
538 ## - SYSTEM DETAILS NOTE
System details note Almirah No.134 Shelf No.4
942 ## - ADDED ENTRY ELEMENTS (KOHA)
Source of classification or shelving scheme
Koha item type Book
Holdings
Withdrawn status Lost status Source of classification or shelving scheme Damaged status Not for loan Collection code Permanent Location Current Location Date acquired Total Checkouts Full call number Barcode Date last seen Price effective from Koha item type
            Military College of Signals (MCS) Military College of Signals (MCS) 12/12/2016   940 ALM MCS6987 12/08/2016 12/12/2016 Book
© 2023 Central Library, National University of Sciences and Technology. All Rights Reserved.